000
00274nam a22001217a 4500
003
OSt
008
221103b |||||||| |||| 00| 0 eng d
041
_a
eng
082
_a
320.1 LAS/ST
100
_a
Laski,Harold J
_9
5289
245
_a
State in theory and practice
942
_c
BK
999
_c
17573
_d
17573